Welcome to CU Library Online Public Access Catalogue (OPAC)

Archaeology and the Old Testament / (Record no. 6437)

MARC details
000 -LEADER
fixed length control field 00494cam a2200169 a 4500
001 - CONTROL NUMBER
control field 3560591
005 - DATE AND TIME OF LATEST TRANSACTION
control field 20250613091959.0
008 - FIXED-LENGTH DATA ELEMENTS--GENERAL INFORMATION
fixed length control field 980428s1998 miuab b 001 0 eng
020 ## - INTERNATIONAL STANDARD BOOK NUMBER
International Standard Book Number 0801011299 (hardcover)
050 00 - LIBRARY OF CONGRESS CALL NUMBER
Classification number BS621
Item number .H56 1998
082 00 - DEWEY DECIMAL CLASSIFICATION NUMBER
Classification number 221.9/3
Edition information 21
100 1# - MAIN ENTRY--PERSONAL NAME
Personal name Hoerth, Alfred J.
245 10 - TITLE STATEMENT
Title Archaeology and the Old Testament /
Statement of responsibility, etc. Alfred J. Hoerth.
260 ## - PUBLICATION, DISTRIBUTION, ETC.
Place of publication, distribution, etc. Grand Rapids, Mich. :
Name of publisher, distributor, etc. Baker Books,
Date of publication, distribution, etc. c1998.
300 ## - PHYSICAL DESCRIPTION
Extent 447 p. :
Other physical details ill., maps ;
Dimensions 26 cm.
942 ## - ADDED ENTRY ELEMENTS (KOHA)
Source of classification or shelving scheme Library of Congress Classification
Koha item type Books
Suppress in OPAC No
999 ## -
-- 6437
-- 6437
Holdings
Withdrawn status Lost status Source of classification or shelving scheme Damaged status Not for loan Collection Home library Current library Shelving location Date acquired Total checkouts Full call number Barcode Date last seen Copy number Price effective from Koha item type
    Library of Congress Classification     Non-fiction Undergraduate Library (Christ Temple) Undergraduate Library (Christ Temple) General stacks 06/13/2025   BS621 HOE ulct00003234 06/13/2025 1 06/13/2025 Books
© 2023-2024 Copyright: Central University Libraries. All Rights Reserved | Created by: Mahone Tech Office